Monarchs in Movies Quiz Stats

 Plays Quiz not verified by Sporcle

Challenge
Share
Tweet
Embed
Score 0/30 Timer 10:00
0 Plays Today
% Correct
Cate Blanchett
88.7%
Helen Mirren
88.7%
Colin Firth
84.5%
Cameron Diaz
83.1%
Helena Bonham Carter
77.5%
Natalie Portman
77.5%
Elizabeth Taylor
76.1%
Carrie Fisher
73.2%
Leonardo DiCaprio
70.4%
Amy Adams
70.4%
Judi Dench
67.6%
Orlando Bloom
62%
Eddie Murphy
62%
Robin Wright
60.6%
Clive Owen
57.7%
% Correct
Eric Bana
56.3%
Sean Connery
52.1%
Jake Gyllenhaal
52.1%
Laurence Olivier
49.3%
Diane Kruger
39.4%
Chow Yun-Fat
35.2%
Sophie Marceau
25.4%
Patrick McGoohan
19.7%
Richard Lewis
16.9%
Alec Guinness
14.1%
Kathy Burke
12.7%
Samantha Morton
12.7%
Sigourney Weaver
9.9%
Jonathan Pryce
8.5%
Jake Taylor Shantos
4.2%

You're not logged in!

Compare scores with friends on all Sporcle quizzes.
OR
Log In

You Might Also Like...

Show Comments

Extras

Top Quizzes Today


Score Distribution

Your Account Isn't Verified!

In order to create a playlist on Sporcle, you need to verify the email address you used during registration. Go to your Sporcle Settings to finish the process.

Report this User

Report this user for behavior that violates our Community Guidelines.

Details: